Statistics for Name the 15 Soviet Union Countries

Click here to take the quiz!

General Stats

  • This quiz has been taken 21 times
  • The average score is 12 of 15

Answer Stats

PopulationCountry% Correct
2,978,340Armenia
89%
1,328,969Estonia
89%
1,893,223Latvia
89%
146,105,351Russia
89%
10,388,955Azerbaijan
84%
9,440,835Belarus
84%
10,912,876Georgia
84%
19,390,692Kazakhstan
84%
6,818,540Kyrgyzstan
84%
2,618,734Lithuania
84%
4,008,393Moldova
84%
43,016,757Ukraine
84%
6,031,200Turkmenistan
74%
34,795,456Uzbeckistan
74%
10,123,658Tajikistan
37%

Score Distribution

Percentile by Number Answered

Percent of People with Each Score

Your Score History

You have not taken this quiz